[Event "Oberliga Bayern 2122"]
[Site "Bayern"]
[Date "2022.03.13"]
[Round "6.3"]
[White "Klimpel, Thomas"]
[Black "Malkiel, Daniel E"]
[Result "0-1"]
[WhiteElo "2026"]
[BlackElo "2143"]
[PlyCount "64"]
[EventDate "2021.10.24"]
[EventType "team-tourn"]
[EventRounds "9"]
[EventCountry "GER"]
[SourceTitle "EXT 2024"]
[Source "ChessBase"]
[SourceDate "2023.10.10"]
[SourceVersion "1"]
[SourceVersionDate "2023.10.10"]
[SourceQuality "1"]
[WhiteTeam "Kareth Lappersdorf"]
[BlackTeam "Bindlach Aktionaer"]
[WhiteTeamCountry "GER"]
[BlackTeamCountry "GER"]

1. e4 c5 2. Nf3 e6 3. d3 d5 4. Nbd2 Nf6 5. g3 g6 6. Bg2 Bg7 7. 0-0 0-0 8. Re1 Nc6 9. c3 a5 10. a3 a4 11. e5 Ng4 12. d4 cxd4 13. cxd4 f6 14. h3 Nxf2 15. Kxf2 fxe5 16. Kg1 exd4 17. Nf1 e5 18. Bg5 Qb6 19. Qc1 e4 20. Nh4 d3+ 21. Kh2 Qxb2 22. Qc5 Ra5 23. Qg1 Bc3 24. Bh6 Bxe1 25. Rxe1 Rf2 26. Ne3 Rf7 27. Nxd5 Rxd5 28. Rxe4 Re5 29. Rxe5 Qxe5 30. Nf3 Qe2 31. Qa1 Be6 32. Nd4 Qe5 0-1

[Event "Nuremberg op"]
[Site "Nuremberg"]
[Date "2019.11.17"]
[Round "4"]
[White "Malkiel, Daniel E"]
[Black "Pilhoefer, Lukas"]
[Result "1/2-1/2"]
[WhiteElo "2154"]
[BlackElo "1797"]
[PlyCount "53"]
[EventDate "2019.11.15"]
[EventType "swiss"]
[EventRounds "5"]
[EventCountry "GER"]
[SourceTitle "CBM 193 Extra"]
[Source "ChessBase"]
[SourceDate "2020.01.31"]
[SourceVersion "1"]
[SourceVersionDate "2020.01.31"]
[SourceQuality "1"]

1. c4 e6 2. Nc3 d5 3. d4 Nf6 4. Nf3 c6 5. e3 Bd6 6. Bd3 0-0 7. 0-0 Nbd7 8. Qe2 e5 9. cxd5 exd4 10. dxc6 dxc3 11. cxd7 cxb2 12. Bxb2 Bxd7 13. Ne5 Be6 14. Rfd1 Qe7 15. Nc4 Bxc4 16. Bxc4 Be5 17. Rab1 Bxb2 18. Qxb2 b6 19. Rd4 Rad8 20. Rbd1 Ne4 21. Bd5 Nc5 22. Qe2 Kh8 23. Qh5 Rd6 24. Bc4 g6 25. Qf3 Ne4 26. Rxd6 Nxd6 27. Bb3 1/2-1/2

[Event "Hamburg-ch MA"]
[Site "Hamburg"]
[Date "2019.06.14"]
[Round "7"]
[White "Pfreundt, Jakob"]
[Black "Malkiel, Daniel E"]
[Result "1-0"]
[WhiteElo "2392"]
[BlackElo "2183"]
[PlyCount "29"]
[EventDate "2019.06.08"]
[EventType "swiss"]
[EventRounds "9"]
[EventCountry "GER"]
[SourceTitle "EXT 2022"]
[Source "ChessBase"]
[SourceDate "2021.10.06"]
[SourceVersion "1"]
[SourceVersionDate "2021.10.06"]
[SourceQuality "1"]

1. c4 e6 2. Nc3 b6 3. e4 Bb7 4. d4 Bb4 5. Qc2 Qh4 6. d5 f5 7. exf5 exd5 8. cxd5 Nf6 9. Bd2 Bxc3 10. Bxc3 0-0 11. 0-0-0 Nxd5 12. Nf3 Qf4+ 13. Bd2 Qxf5 14. Bd3 Qh5 15. g4 1-0

[Event "Hamburg-ch MA"]
[Site "Hamburg"]
[Date "2019.06.09"]
[Round "2"]
[White "Malkiel, Daniel E"]
[Black "Schroeder, Christoph"]
[Result "1/2-1/2"]
[WhiteElo "2183"]
[BlackElo "2137"]
[PlyCount "39"]
[EventDate "2019.06.08"]
[EventType "swiss"]
[EventRounds "9"]
[EventCountry "GER"]
[SourceTitle "EXT 2022"]
[Source "ChessBase"]
[SourceDate "2021.10.06"]
[SourceVersion "1"]
[SourceVersionDate "2021.10.06"]
[SourceQuality "1"]

1. c4 e6 2. Nf3 d5 3. d4 Nf6 4. Bg5 Be7 5. Nc3 0-0 6. e3 h6 7. Bh4 b6 8. Rc1 Bb7 9. Bxf6 Bxf6 10. cxd5 exd5 11. Bd3 c5 12. 0-0 cxd4 13. exd4 Nc6 14. Bb1 Re8 15. Qd2 Rc8 16. Qf4 Bg5 17. Nxg5 Qxg5 18. Qxg5 hxg5 19. Rfd1 Rcd8 20. Bc2 1/2-1/2

[Event "Hamburg-ch MA"]
[Site "Hamburg"]
[Date "2019.06.08"]
[Round "1"]
[White "Garner, Isaac"]
[Black "Malkiel, Daniel E"]
[Result "1/2-1/2"]
[WhiteElo "1893"]
[BlackElo "2183"]
[PlyCount "42"]
[EventDate "2019.06.08"]
[EventType "swiss"]
[EventRounds "9"]
[EventCountry "GER"]
[SourceTitle "EXT 2022"]
[Source "ChessBase"]
[SourceDate "2021.10.06"]
[SourceVersion "1"]
[SourceVersionDate "2021.10.06"]
[SourceQuality "1"]

1. e4 e6 2. d4 d5 3. Nd2 a6 4. Bd3 c5 5. dxc5 Nf6 6. Qe2 Bxc5 7. Ngf3 Nc6 8. a3 Qc7 9. 0-0 Be7 10. b4 dxe4 11. Nxe4 Nxe4 12. Qxe4 f5 13. Qc4 b5 14. Qa2 0-0 15. Bb2 Kh8 16. Rfe1 Bd6 17. c4 Bd7 18. c5 Bf4 19. g3 Bh6 20. Rxe6 Bxe6 21. Qxe6 Bd2 1/2-1/2

[Event "Hamburg HSK Christmas op 4th"]
[Site "Hamburg"]
[Date "2018.12.30"]
[Round "7"]
[White "Malkiel, Daniel E"]
[Black "Schellhorn, Wolfgang"]
[Result "1/2-1/2"]
[WhiteElo "2187"]
[BlackElo "2138"]
[PlyCount "40"]
[EventDate "2018.12.27"]
[EventType "swiss"]
[EventRounds "7"]
[EventCountry "GER"]
[SourceTitle "CBM 188 Extra"]
[Source "ChessBase"]
[SourceDate "2019.02.28"]
[SourceVersion "1"]
[SourceVersionDate "2019.02.28"]
[SourceQuality "1"]

1. d4 Nf6 2. Nf3 g6 3. c4 Bg7 4. Nc3 d5 5. cxd5 Nxd5 6. e4 Nxc3 7. bxc3 0-0 8. Be3 c5 9. Be2 Qa5 10. 0-0 Rd8 11. Qb3 cxd4 12. cxd4 e6 13. Rac1 Nd7 14. Bg5 Re8 15. Rfd1 a6 16. Bd2 Qb6 17. Qxb6 Nxb6 18. Ba5 Na4 19. Rc7 Bf6 20. Rc2 b6 1/2-1/2

[Event "Hamburg-ch MA"]
[Site "Hamburg"]
[Date "2018.05.21"]
[Round "3"]
[White "Schroeder, Christoph"]
[Black "Malkiel, Daniel E"]
[Result "0-1"]
[WhiteElo "2186"]
[BlackElo "2161"]
[PlyCount "82"]
[EventDate "2018.05.01"]
[EventType "swiss"]
[EventRounds "9"]
[EventCountry "GER"]
[SourceTitle "EXT 2020"]
[Source "ChessBase"]
[SourceDate "2019.10.17"]
[SourceVersion "1"]
[SourceVersionDate "2019.10.17"]
[SourceQuality "1"]

1. e4 e6 2. d4 d5 3. Nc3 Nf6 4. e5 Nfd7 5. f4 c5 6. Nf3 Be7 7. Be3 0-0 8. Qd2 b6 9. a3 Nc6 10. Bb5 Bb7 11. 0-0 cxd4 12. Nxd4 Nxd4 13. Bxd4 Nc5 14. Rad1 Qc7 15. Rf3 Rad8 16. Qe2 Ne4 17. b4 f5 18. Rh3 g6 19. Nxe4 fxe4 20. Rc3 Qb8 21. Qg4 Rf5 22. Rf1 Kh8 23. Qe2 Bc8 24. g4 Rf7 25. Kh1 Rdf8 26. Qe3 Kg8 27. Kg2 Qb7 28. Qd2 Bd7 29. Be2 Bd8 30. Rg3 Bh4 31. Rh3 Bd8 32. Rc3 a6 33. Qe3 Bb5 34. Bxb5 axb5 35. Qg3 Qd7 36. Rf2 g5 37. fxg5 Rxf2+ 38. Bxf2 d4 39. Rb3 Qd5 40. Kg1 d3 41. Qe3 d2 0-1

[Event "Washington Eastern op 35rd"]
[Site "Washington DC"]
[Date "2008.12.28"]
[Round "4"]
[White "Malkiel, Daniel E"]
[Black "Moura, Pedro Camargo"]
[Result "1-0"]
[WhiteElo "2245"]
[BlackElo "1990"]
[PlyCount "63"]
[EventDate "2008.12.27"]
[EventType "swiss"]
[EventRounds "7"]
[EventCountry "USA"]
[SourceTitle "CBM 128 Extra"]
[Source "ChessBase"]
[SourceDate "2009.03.05"]
[SourceVersion "2"]
[SourceVersionDate "2009.03.25"]
[SourceQuality "1"]

1. d4 f5 2. Nc3 Nf6 3. Bg5 e6 4. e4 fxe4 5. Nxe4 Be7 6. Bxf6 Bxf6 7. Nf3 Nc6 8. Bb5 Qe7 9. c3 d6 10. 0-0 Bd7 11. Re1 0-0-0 12. c4 e5 13. d5 Nb8 14. Bxd7+ Nxd7 15. b4 g5 16. Rc1 Kb8 17. c5 g4 18. Nfd2 Bg5 19. Nxg5 Qxg5 20. Ne4 Qf4 21. c6 Nb6 22. b5 Rhf8 23. Rc3 Qf7 24. Rd3 bxc6 25. bxc6 Ka8 26. Qd2 Rb8 27. Qa5 Nc8 28. Rb3 Rb6 29. Reb1 Qg6 30. Qa6 Qf7 31. a4 g3 32. hxg3 1-0

[Event "Washington Eastern op 33rd"]
[Site "Washington DC"]
[Date "2006.12.29"]
[Round "5"]
[White "Strenzwilk, Denis"]
[Black "Malkiel, Daniel E"]
[Result "1-0"]
[WhiteElo "2135"]
[BlackElo "2302"]
[PlyCount "33"]
[EventDate "2006.12.27"]
[EventType "swiss"]
[EventRounds "8"]
[EventCountry "USA"]
[SourceTitle "CBM 115 Extra"]
[Source "ChessBase"]
[SourceDate "2007.01.10"]
[SourceVersion "1"]
[SourceVersionDate "2007.01.10"]
[SourceQuality "1"]

1. e4 e5 2. Nc3 Nf6 3. f4 d5 4. fxe5 Nxe4 5. Nf3 Bc5 6. d4 Bb4 7. Bd2 Bxc3 8. bxc3 c5 9. Bd3 Bg4 10. 0-0 Nc6 11. Qe2 Nxd2 12. Qxd2 c4 13. Ng5 Bh5 14. Bxh7 Qe7 15. g4 Rxh7 16. Nxh7 Bxg4 17. Qg5 1-0

[Event "Orleans op"]
[Site "Orleans"]
[Date "2004.??.??"]
[Round "9"]
[White "Malkiel, Daniel E"]
[Black "Laurent, Julien G"]
[Result "1/2-1/2"]
[WhiteElo "2322"]
[BlackElo "2243"]
[PlyCount "181"]
[EventDate "2004.12.??"]
[EventType "swiss"]
[EventRounds "9"]
[EventCountry "FRA"]
[SourceTitle "EXT 2007"]
[Source "ChessBase"]
[SourceDate "2006.11.23"]
[SourceVersion "1"]
[SourceVersionDate "2006.11.23"]
[SourceQuality "1"]

1. e4 g6 2. d4 Bg7 3. c3 d6 4. Bd3 Nf6 5. Nf3 0-0 6. 0-0 Nc6 7. Re1 e5 8. h3 Nh5 9. Bf1 Bd7 10. Na3 Kh8 11. Nc4 Re8 12. dxe5 dxe5 13. b4 a6 14. a4 Be6 15. Qxd8 Rexd8 16. Ng5 Nf4 17. Be3 h6 18. Nxe6 Nxe6 19. b5 axb5 20. axb5 Rxa1 21. Rxa1 Nb8 22. b6 Na6 23. Ra5 f6 24. Rd5 cxb6 25. Bxb6 Rc8 26. f3 Bf8 27. Kf2 Bc5+ 28. Bxc5 Naxc5 29. Ke3 Kg8 30. Nd6 Ra8 31. Bc4 Kf8 32. Rd2 Ke7 33. Bd5 Rd8 34. Nxb7 Nxb7 35. Bxb7 Rxd2 36. Kxd2 Nf4 37. g3 Nxh3 38. Ke3 Ng5 39. c4 Kd6 40. Bd5 Nh7 41. Bf7 Nf8 42. f4 Kc5 43. fxe5 fxe5 44. Kd3 g5 45. Ke3 Nd7 46. Kd3 Nf6 47. Bd5 Nh5 48. g4 Nf6 49. Be6 Kb4 50. Bc8 Ne8 51. Bd7 Nd6 52. Be6 Nb7 53. Bd5 Nc5+ 54. Kc2 Na4 55. Be6 Nc3 56. Bd5 Ne2 57. Bf7 Nd4+ 58. Kd3 Nb3 59. Bd5 Nc5+ 60. Kc2 Nd7 61. Kd3 Nf6 62. Be6 Kc5 63. Bf5 h5 64. gxh5 Nxh5 65. Ke3 Kxc4 66. Kf3 Nf6 67. Be6+ Kd4 68. Bf5 Nxe4 69. Kg4 Nd6 70. Bg6 e4 71. Kxg5 e3 72. Bh5 Ke4 73. Be2 Nf5 74. Bd1 Nd4 75. Kg4 Kd3 76. Kg3 Kd2 77. Bh5 Ke1 78. Bg4 Kd2 79. Bh5 Ne2+ 80. Kf3 Nc1 81. Kg3 Nd3 82. Bg4 Ke1 83. Bh5 Kf1 84. Bg4 Nc5 85. Bh5 Nd7 86. Bf3 Nf6 87. Bd1 Ke1 88. Bf3 Kd2 89. Kf4 Nd5+ 90. Kg3 Kd3 91. Bxd5 1/2-1/2